Two tickets to freedom; (Record no. 33285)
[ view plain ]
| 000 -LEADER | |
|---|---|
| fixed length control field | 01494cam a2200409 4500 |
| 001 - CONTROL NUMBER | |
| control field | 4076306 |
| 003 - CONTROL NUMBER IDENTIFIER | |
| control field | OSt |
| 005 - DATE AND TIME OF LATEST TRANSACTION | |
| control field | 20140310184242.0 |
| 008 - FIXED-LENGTH DATA ELEMENTS--GENERAL INFORMATION | |
| fixed length control field | 711101s1971 nyua j b 000 0ceng |
| 010 ## - LIBRARY OF CONGRESS CONTROL NUMBER | |
| LC control number | 71162713 |
| 020 ## - INTERNATIONAL STANDARD BOOK NUMBER | |
| International Standard Book Number | 0590469347 |
| 040 ## - CATALOGING SOURCE | |
| Original cataloging agency | DLC |
| Transcribing agency | DLC |
| Modifying agency | DLC |
| 042 ## - AUTHENTICATION CODE | |
| Authentication code | lcac |
| 043 ## - GEOGRAPHIC AREA CODE | |
| Geographic area code | n-us--- |
| 050 00 - LIBRARY OF CONGRESS CALL NUMBER | |
| Classification number | E 450 |
| Item number | .F8 1971 |
| 100 1# - MAIN ENTRY--PERSONAL NAME | |
| Personal name | Freedman, Florence B. |
| Fuller form of name | (Florence Bernstein) |
| 9 (RLIN) | 28092 |
| 245 10 - TITLE STATEMENT | |
| Title | Two tickets to freedom; |
| Remainder of title | the true story of Ellen and William Craft, fugitive slaves |
| Statement of responsibility, etc | [by] Florence B. Freedman. Illustrated by Ezra Jack Keats. |
| 260 ## - PUBLICATION, DISTRIBUTION, ETC. (IMPRINT) | |
| Place of publication, distribution, etc | New York, |
| Name of publisher, distributor, etc | Scholastic |
| Date of publication, distribution, etc | [1971] |
| 300 ## - PHYSICAL DESCRIPTION | |
| Extent | 96 p. : |
| Other physical details | ill. ; |
| Dimensions | 22 cm. |
| 350 ## - PRICE (NR) (BK AM CF MU VM SE) [OBSOLETE] | |
| Price | $4.50 |
| 521 ## - TARGET AUDIENCE NOTE | |
| Target audience note | |
| 526 ## - STUDY PROGRAM INFORMATION NOTE | |
| Reading level | 1080 |
| 600 10 - SUBJECT ADDED ENTRY--PERSONAL NAME | |
| Personal name | Craft, William |
| Form subdivision | Juvenile literature. |
| 9 (RLIN) | 28093 |
| 600 10 - SUBJECT ADDED ENTRY--PERSONAL NAME | |
| Personal name | Craft, Ellen |
| Form subdivision | Juvenile literature. |
| 9 (RLIN) | 28094 |
| 600 11 - SUBJECT ADDED ENTRY--PERSONAL NAME | |
| Personal name | Craft, William. |
| 9 (RLIN) | 28095 |
| 600 11 - SUBJECT ADDED ENTRY--PERSONAL NAME | |
| Personal name | Craft, Ellen. |
| 9 (RLIN) | 28096 |
| 650 #0 - SUBJECT ADDED ENTRY--TOPICAL TERM | |
| Topical term or geographic name as entry element | Fugitive slaves |
| Geographic subdivision | United States |
| Form subdivision | Biography |
| -- | Juvenile literature. |
| 9 (RLIN) | 28097 |
| 650 #0 - SUBJECT ADDED ENTRY--TOPICAL TERM | |
| Topical term or geographic name as entry element | Fugitive slaves |
| Geographic subdivision | England |
| Form subdivision | Biography |
| -- | Juvenile literature. |
| 9 (RLIN) | 28098 |
| 650 #0 - SUBJECT ADDED ENTRY--TOPICAL TERM | |
| Topical term or geographic name as entry element | African Americans |
| Form subdivision | Biography |
| -- | Juvenile literature. |
| 9 (RLIN) | 28099 |
| 650 #0 - SUBJECT ADDED ENTRY--TOPICAL TERM | |
| Topical term or geographic name as entry element | Slavery |
| Geographic subdivision | United States |
| General subdivision | History |
| Chronological subdivision | 19th century |
| Form subdivision | Juvenile literature. |
| 9 (RLIN) | 28100 |
| 650 #1 - SUBJECT ADDED ENTRY--TOPICAL TERM | |
| Topical term or geographic name as entry element | African Americans |
| Form subdivision | Biography. |
| 9 (RLIN) | 28101 |
| 650 #1 - SUBJECT ADDED ENTRY--TOPICAL TERM | |
| Topical term or geographic name as entry element | Fugitive slaves. |
| 9 (RLIN) | 25212 |
| 700 1# - ADDED ENTRY--PERSONAL NAME | |
| Personal name | Keats, Ezra Jack, |
| Relator term | illus. |
| 9 (RLIN) | 28102 |
| 906 ## - LOCAL DATA ELEMENT F, LDF (RLIN) | |
| a | 7 |
| b | cbc |
| c | orignew |
| d | 2 |
| e | ncip |
| f | 19 |
| g | y-gencatlg |
| 942 ## - ADDED ENTRY ELEMENTS (KOHA) | |
| Source of classification or shelving scheme | Library of Congress Classification |
| Koha item type | |
| Withdrawn status | Lost status | Source of classification or shelving scheme | Damaged status | Home library | Current library | Shelving location | Date acquired | Total Checkouts | Full call number | Barcode | Date last seen | Copy number | Price effective from | Koha item type |
|---|---|---|---|---|---|---|---|---|---|---|---|---|---|---|
| Library of Congress Classification | Luxembourg Library | Luxembourg Library | Scholastic Reading Center Section | 04/11/2012 | E 450 .F8 1971 | LEX1002 | 04/18/2017 | 1 | 01/30/2014 | Books |